The return of limestone forests, northeastern Viet Nam : (Record no. 72620)
[ view plain ]
| 000 -LEADER | |
|---|---|
| fixed length control field | 01199nam a2200301 a 4500 |
| 001 - CONTROL NUMBER | |
| control field | 72620 |
| 003 - CONTROL NUMBER IDENTIFIER | |
| rucl marc code | BD-RjUL |
| 005 - DATE AND TIME OF LATEST TRANSACTION | |
| control field | 20211209082304.0 |
| 008 - FIXED-LENGTH DATA ELEMENTS--GENERAL INFORMATION | |
| fixed length control field | 170521s2004 ph a b i001 0 eng |
| 020 ## - INTERNATIONAL STANDARD BOOK NUMBER | |
| International Standard Book Number | 9719314400 |
| 035 ## - SYSTEM CONTROL NUMBER | |
| System control number | (BD-RjUL)72838 |
| 040 ## - CATALOGING SOURCE | |
| Original cataloging agency | DLC |
| Language of cataloging | eng |
| Transcribing agency | DLC |
| Modifying agency | DLC |
| Description conventions | rda |
| 041 ## - LANGUAGE CODE | |
| Language code of text/sound track or separate title | eng |
| 082 ## - DEWEY DECIMAL CLASSIFICATION NUMBER | |
| Edition number | 23 |
| Classification number | 634.9 |
| Author mark and year | DZR 2004 |
| 100 1# - MAIN ENTRY--PERSONAL NAME | |
| Personal name | Dzung, Nguyen Huy, |
| 9 (RLIN) | 214801 |
| 245 14 - TITLE STATEMENT | |
| Title | The return of limestone forests, northeastern Viet Nam : |
| Remainder of title | a collaborative study / |
| Statement of responsibility, etc. | Nguyen Huy Dzung ...[et. al] |
| 260 ## - PUBLICATION, DISTRIBUTION, ETC. (IMPRINT) | |
| Place of publication, distribution, etc. | Bohol, Philippines : |
| Name of publisher, distributor, etc. | Asia Forest Network, |
| Date of publication, distribution, etc. | 2004. |
| 300 ## - PHYSICAL DESCRIPTION | |
| Pagination | vii, 45 p. : |
| Illustrations | ill. : |
| Size | 28 cm. |
| 490 0# - SERIES STATEMENT | |
| Series statement | Community forest management trends in Southeast Asia |
| Series statement | Research network report ; |
| Volume/sequential designation | number 11 |
| 504 ## - BIBLIOGRAPHY, ETC. NOTE | |
| Bibliography, etc | Includes bibliographical references (pages 41-44). |
| 650 #0 - SUBJECT ADDED ENTRY--TOPICAL TERM | |
| Topical term or geographic name as entry element | Forests and forestry |
| 9 (RLIN) | 214802 |
| 710 2# - ADDED ENTRY--CORPORATE NAME | |
| Corporate name or jurisdiction name as entry element | Asia Forest Network, |
| Relator term | issuing body. |
| 9 (RLIN) | 214803 |
| Corporate name or jurisdiction name as entry element | Viện điều tra quy hoạch rừng (Vietnam) |
| Relator term | issuing body. |
| 9 (RLIN) | 214804 |
| Corporate name or jurisdiction name as entry element | Trung tâm tài nguyên và môi trường lâm nghiệp (Vietnam) |
| Relator term | issuing body. |
| 9 (RLIN) | 214805 |
| 830 ## - SERIES ADDED ENTRY--UNIFORM TITLE | |
| Uniform title | Community forest management trends in Southeast Asia |
| 942 ## - ADDED ENTRY ELEMENTS (KOHA) | |
| Source of classification or shelving scheme | Dewey Decimal Classification |
| Koha item type | Books |
| Lost status | Source of classification or shelving scheme | Damaged status | Not for loan | Collection code | Permanent Location | Current Location | Shelving location | Date acquired | Source of acquisition | Cost, normal purchase price | Total Checkouts | Full call number | Date last seen | Copy number | Koha item type |
|---|---|---|---|---|---|---|---|---|---|---|---|---|---|---|---|
| Dewey Decimal Classification | Not For Loan | Non-fiction | Central Library, University of Rajshahi | Central Library, University of Rajshahi | Reading Room | 25/02/2013 | R. U. C. L | 0.00 | 634.9 DZR 2004 | 21/05/2017 | C-1 | Books |